Cacique : el último gamonal /

Bibliographic Details
Main Author: Alvarez Gardeazábal, Gustavo
Format: Book
Language:Spanish
Published: México, D.F. : Plaza y Valdés, 1987.
Edition:1a ed.

MARC

Tag First Indicator Second Indicator Subfields
LEADER 00000cam a2200000 a 4500
001 in00003471213
005 20151206104830.0
008 880617s1987 mx 00011 spa d
020 |a 9688561231 
035 |a (OCoLC)ocm18104660 
040 |a RCE  |c RCE  |d TNY  |d UtOrBLW 
090 |a PQ8180.1.L9  |b C3 1987 
100 1 |a Alvarez Gardeazábal, Gustavo. 
245 1 0 |a Cacique :  |b el último gamonal /  |c Gustavo Alvarez Gardeazábal. 
250 |a 1a ed. 
264 1 |a México, D.F. :  |b Plaza y Valdés,  |c 1987. 
300 |a 258 pages ;  |c 21 cm. 
336 |a text  |b txt  |2 rdacontent 
337 |a unmediated  |b n  |2 rdamedia 
338 |a volume  |b nc  |2 rdacarrier 
740 0 |a Último gamonal. 
999 |a MARS 
999 f f |s 5412e67d-4788-3bdd-98b3-03572e3ea62f  |i e3a590cd-2cd0-36c0-9dea-321db5182ff1  |t 0 
952 f f |p ric  |a Texas A&M University  |b Rellis Campus  |c Joint Library Facility  |d Remote Storage  |t 0  |e PQ8180.1.L9 C3 1987  |h Library of Congress classification  |i unmediated -- volume  |m 32060004333387 
998 f f |a PQ8180.1.L9 C3 1987  |t 0  |l Remote Storage